000 00333nam a2200133Ia 4500
008 240126s9999 xx 000 0 und d
041 _aEnglish
082 _aLIBRARY-MBA
245 0 _aAdvances in applied research
260 _bPSGR Krinhamal college for women
_aCoimbatore
440 _aNULL
650 _aAdvances
942 _cJN
999 _c272837
_d272837